[Event "European Team Championship 2015"]
[Site "Reykjavik ISL"]
[Date "2015.11.19"]
[Round "6"]
[White "Ivanchuk, Vassily"]
[Black "Vachier-Lagrave, Maxime"]
[Result "1/2-1/2"]
[WhiteElo "2720"]
[BlackElo "2765"]
[PlyCount "72"]
[EventDate "2015.11.13"]
[WhiteTeam "Ukraine"]
[BlackTeam "France"]

1. Nf3 c5 2. c4 Nc6 3. Nc3 e5 4. e3 Nf6 5. Be2 d5 6. d4 cxd4 7. exd4 e4 8. Ne5
dxc4 9. Nxc6 bxc6 10. O-O Be7 11. Bxc4 O-O 12. Bf4 Bf5 13. d5 cxd5 14. Nxd5
Nxd5 15. Bxd5 Rc8 16. Qb3 Bd6 17. Bxd6 Qxd6 18. Rad1 Qe5 19. Rd2 Rb8 20. Qa3
Be6 21. Bxe6 Qxe6 22. Qxa7 Ra8 23. Qd4 Rxa2 24. Re1 Qf6 25. Qxf6 gxf6 26. g4
Rb8 27. Rxe4 Raxb2 28. Rxb2 Rxb2 29. Re8+ Kg7 30. Re4 Rb5 31. Kg2 f5 32. gxf5
Rxf5 33. Rg4+ Kf6 34. Re4 Kg7 35. Rg4+ Kf6 36. Re4 Kg7 1/2-1/2

[Event "European Team Championship 2015"]
[Site "Reykjavik ISL"]
[Date "2015.11.19"]
[Round "6"]
[White "Fressinet, Laurent"]
[Black "Eljanov, Pavel"]
[Result "1-0"]
[WhiteElo "2712"]
[BlackElo "2753"]
[PlyCount "63"]
[EventDate "2015.11.13"]
[WhiteTeam "France"]
[BlackTeam "Ukraine"]

1. e4 e5 2. Nf3 Nc6 3. Bb5 Nf6 4. O-O Nxe4 5. d4 Nd6 6. Bxc6 dxc6 7. dxe5 Nf5
8. Qxd8+ Kxd8 9. h3 Be7 10. Nc3 Nh4 11. Nd4 c5 12. Nde2 c6 13. Ne4 Kc7 14. Bf4
Be6 15. Bh2 Rad8 16. Nf4 Bf5 17. Rfe1 Kb6 18. Bg3 g5 19. Nh5 Rd4 20. Nd6 Bxc2
21. Nxf7 Rf8 22. Nd6 Nf5 23. Nxf5 Bxf5 24. Ng7 Rf7 25. Nxf5 Rxf5 26. Rad1 Kb5
27. e6 Kc4 28. Rc1+ Kd5 29. Rc2 h5 30. f3 h4 31. Bf2 Rd3 32. Bxc5 1-0

[Event "European Team Championship 2015"]
[Site "Reykjavik ISL"]
[Date "2015.11.19"]
[Round "6"]
[White "Kryvoruchko, Yuriy"]
[Black "Edouard, Romain"]
[Result "1/2-1/2"]
[WhiteElo "2717"]
[BlackElo "2632"]
[PlyCount "87"]
[EventDate "2015.11.13"]
[WhiteTeam "Ukraine"]
[BlackTeam "France"]

1. e4 c5 2. Nf3 d6 3. d4 cxd4 4. Nxd4 Nf6 5. Nc3 g6 6. Be3 Bg7 7. f3 Nc6 8. Qd2
O-O 9. O-O-O d5 10. exd5 Nxd5 11. Nxc6 bxc6 12. Bd4 Bxd4 13. Qxd4 Qb6 14. Na4
Qc7 15. Nc5 Qb6 16. Bc4 e5 17. Qf2 Rb8 18. Bb3 Nb4 19. a3 Na6 20. Nd3 Qxf2 21.
Nxf2 Nc5 22. Bc4 Na4 23. Nd3 Bf5 24. Bb3 Bxd3 25. Bxa4 Bb5 26. Bb3 Rfd8 27.
Rhe1 Rxd1+ 28. Rxd1 Rb7 29. c4 Ba6 30. Kc2 Kf8 31. Rd8+ Ke7 32. Rh8 h5 33. Kc3
Rc7 34. Ba4 Bc8 35. b4 Bf5 36. g3 Bh3 37. c5 Bg2 38. Bd1 Bf1 39. Bb3 Rd7 40.
Bc4 Bxc4 41. Kxc4 Rd4+ 42. Kc3 Rd8 43. Rxd8 Kxd8 44. Kc4 1/2-1/2

[Event "European Team Championship 2015"]
[Site "Reykjavik ISL"]
[Date "2015.11.19"]
[Round "6"]
[White "Bacrot, Etienne"]
[Black "Korobov, Anton"]
[Result "1/2-1/2"]
[WhiteElo "2686"]
[BlackElo "2709"]
[PlyCount "81"]
[EventDate "2015.11.13"]
[WhiteTeam "France"]
[BlackTeam "Ukraine"]

1. d4 Nf6 2. c4 e6 3. Nf3 b6 4. g3 Bb7 5. Bg2 Be7 6. O-O O-O 7. Nc3 Ne4 8. Bd2
f5 9. Ne5 Nxc3 10. Bxc3 Bxg2 11. Kxg2 Qe8 12. Re1 d6 13. Nd3 c5 14. dxc5 bxc5
15. e4 fxe4 16. Rxe4 e5 17. f4 Qc6 18. Qe2 Nd7 19. Kg1 Bf6 20. fxe5 dxe5 21.
Nxe5 Nxe5 22. Bxe5 Bxe5 23. Rxe5 Rad8 24. Rd1 Rxd1+ 25. Qxd1 Qf6 26. Qe2 h6 27.
Re8 Qd4+ 28. Kg2 Rxe8 29. Qxe8+ Kh7 30. Qe2 a5 31. b3 g5 32. h3 Kg6 33. Qe1
Qb2+ 34. Qf2 Qe5 35. Qd2 h5 36. Qd3+ Kh6 37. h4 g4 38. Kf2 Kg7 39. Qe3 Qb2+ 40.
Qe2 Qd4+ 41. Qe3 1/2-1/2

[Event "European Team Championship 2015"]
[Site "Reykjavik ISL"]
[Date "2015.11.19"]
[Round "6"]
[White "Mamedyarov, Shakhriyar"]
[Black "Giri, Anish"]
[Result "1/2-1/2"]
[WhiteElo "2743"]
[BlackElo "2778"]
[PlyCount "90"]
[EventDate "2015.11.13"]
[WhiteTeam "Azerbaijan"]
[BlackTeam "Netherlands"]

1. d4 Nf6 2. c4 g6 3. Nc3 d5 4. Bg5 Bg7 5. Bxf6 Bxf6 6. cxd5 c5 7. dxc5 Nd7 8.
e3 O-O 9. Nf3 Nxc5 10. Nd4 Qa5 11. Bc4 Qb4 12. Bb3 Bf5 13. Nxf5 Bxc3+ 14. bxc3
Qxc3+ 15. Ke2 gxf5 16. Rc1 Ne4 17. f3 Qb2+ 18. Qc2 Qxc2+ 19. Rxc2 Nd6 20. Rc7
Rfe8 21. Kd3 a5 22. a4 Rac8 23. Rhc1 Rxc7 24. Rxc7 f6 25. Kd4 Kf7 26. Bc4 Rb8
27. Bb5 b6 28. Ra7 Rc8 29. Bc6 Rb8 30. Kd3 h5 31. Bd7 h4 32. Ke2 Kg6 33. Bc6
Kf7 34. Kf2 b5 35. axb5 Nxb5 36. Bxb5 Rxb5 37. d6 Ke6 38. dxe7 Rb2+ 39. Kf1
Rb1+ 40. Ke2 Rb2+ 41. Kd3 Kf7 42. g3 Rxh2 43. gxh4 Rxh4 44. Rxa5 Rh5 45. Ra7
Rh1 1/2-1/2

[Event "European Team Championship 2015"]
[Site "Reykjavik ISL"]
[Date "2015.11.19"]
[Round "6"]
[White "l'Ami, Erwin"]
[Black "Radjabov, Teimour"]
[Result "1/2-1/2"]
[WhiteElo "2623"]
[BlackElo "2739"]
[PlyCount "77"]
[EventDate "2015.11.13"]
[WhiteTeam "Netherlands"]
[BlackTeam "Azerbaijan"]

1. d4 Nf6 2. c4 g6 3. Nc3 Bg7 4. e4 d6 5. Nf3 O-O 6. Be2 e5 7. O-O Nc6 8. dxe5
dxe5 9. Bg5 Bg4 10. Qxd8 Nxd8 11. Bxf6 Bxf6 12. Nd5 Kg7 13. Nxc7 Rc8 14. Nd5
Bxf3 15. gxf3 Ne6 16. Kg2 Nf4+ 17. Nxf4 exf4 18. Rfd1 Rfd8 19. Rd5 Rxd5 20.
exd5 b6 21. Rb1 a5 22. b4 axb4 23. Rxb4 Ra8 24. a4 Bd4 25. Bd1 Bc5 26. Rb2 Ra7
27. Kf1 Kf6 28. Rd2 Ke5 29. Bb3 Kd6 30. Re2 Re7 31. Ra2 Bb4 32. Ra1 h5 33. h3
Kc5 34. Rd1 Kd6 35. Rb1 Kc5 36. Rd1 Kd6 37. Rb1 Kc5 38. Rd1 Kd6 39. Rb1 1/2-1/2

[Event "European Team Championship 2015"]
[Site "Reykjavik ISL"]
[Date "2015.11.19"]
[Round "6"]
[White "Aronian, Levon"]
[Black "Nisipeanu, Liviu-Dieter"]
[Result "1/2-1/2"]
[WhiteElo "2781"]
[BlackElo "2683"]
[PlyCount "81"]
[EventDate "2015.11.13"]
[WhiteTeam "Armenia"]
[BlackTeam "Germany"]

1. c4 e5 2. Nc3 Bb4 3. Nd5 Bc5 4. e3 Nf6 5. d4 Nxd5 6. dxc5 Nf6 7. b4 O-O 8.
Ne2 b6 9. cxb6 axb6 10. Bb2 Qe7 11. a3 Rd8 12. Nc3 Bb7 13. Nd5 Nxd5 14. cxd5 d6
15. Rc1 c6 16. dxc6 Nxc6 17. Qh5 g6 18. Qg4 d5 19. Bb5 Na7 20. Bd3 d4 21. exd4
Nc6 22. O-O Nxd4 23. Rfe1 Qf6 24. Bf1 Rac8 25. Qg3 Rxc1 26. Rxc1 Qe6 27. h4 h5
28. Qg5 Qd6 29. f4 Re8 30. Re1 Nf5 31. Rxe5 Rxe5 32. fxe5 Qe6 33. Bd3 Qb3 34.
Bxf5 Qxb2 35. Bh3 Qxa3 36. e6 Qxb4 37. Qd8+ Kg7 38. Qd7 Qe1+ 39. Kh2 Qe5+ 40.
Kh1 Qe1+ 41. Kh2 1/2-1/2

[Event "European Team Championship 2015"]
[Site "Reykjavik ISL"]
[Date "2015.11.19"]
[Round "6"]
[White "Leko, Peter"]
[Black "Carlsen, Magnus"]
[Result "0-1"]
[WhiteElo "2708"]
[BlackElo "2850"]
[PlyCount "82"]
[EventDate "2015.11.13"]
[WhiteTeam "Hungary"]
[BlackTeam "Norway"]

1. e4 e5 2. Nf3 Nc6 3. Bb5 a6 4. Ba4 Nf6 5. O-O Be7 6. d3 b5 7. Bb3 O-O 8. Nc3
d6 9. a3 Rb8 10. Be3 Na5 11. Ba2 c5 12. Nd5 c4 13. Nxe7+ Qxe7 14. Qd2 Nc6 15.
h3 Be6 16. b4 Rfc8 17. c3 cxd3 18. Qxd3 Bxa2 19. Rxa2 d5 20. Nd2 Qe6 21. Raa1
Ne7 22. Bc5 Ng6 23. Rad1 Rd8 24. Qf3 h6 25. Rfe1 Rd7 26. Qf5 Qc6 27. exd5 Rxd5
28. Nf3 Rbd8 29. Qc2 Rxd1 30. Rxd1 Rxd1+ 31. Qxd1 Ne4 32. Qd8+ Kh7 33. Qb6 Qxb6
34. Bxb6 Nxc3 35. Nd2 Nf4 36. h4 Kg6 37. f3 Kf5 38. Kf2 Nd3+ 39. Kf1 h5 40. Be3
Ke6 41. g3 Kd5 0-1

[Event "European Team Championship 2015"]
[Site "Reykjavik ISL"]
[Date "2015.11.19"]
[Round "6"]
[White "Hammer, Jon Ludvig"]
[Black "Rapport, Richard"]
[Result "1/2-1/2"]
[WhiteElo "2682"]
[BlackElo "2693"]
[PlyCount "142"]
[EventDate "2015.11.13"]
[WhiteTeam "Norway"]
[BlackTeam "Hungary"]

1. d4 d5 2. c4 Nc6 3. Nf3 Bg4 4. cxd5 Bxf3 5. gxf3 Qxd5 6. e3 e5 7. Nc3 Bb4 8.
Bd2 Bxc3 9. bxc3 Qd6 10. Rb1 O-O-O 11. Qb3 b6 12. Qxf7 Kb8 13. Qc4 Qf6 14. Bg2
Nge7 15. f4 exf4 16. exf4 Na5 17. Qa6 Qe6+ 18. Be3 Nf5 19. O-O Nh4 20. Rb5 Nxg2
21. f5 Qc8 22. Qxc8+ Kxc8 23. Kxg2 Rhf8 24. Re1 Nc4 25. Bg5 Rd7 26. f6 h6 27.
Bh4 g5 28. Bg3 Rxf6 29. h4 gxh4 30. Bxh4 Rc6 31. Bg3 a6 32. Rh5 Kb7 33. f4 Rf7
34. f5 Rcf6 35. Kh3 Rxf5 36. Rxf5 Rxf5 37. Re7 Kc6 38. Rxc7+ Kd5 39. Rd7+ Ke4
40. Rh7 Rf3 41. Re7+ Kd5 42. Rd7+ Ke6 43. Rd8 Ke7 44. Rc8 Nd6 45. Rb8 Rxc3 46.
Rxb6 a5 47. Kg4 h5+ 48. Kf4 Rd3 49. Ra6 Rxd4+ 50. Ke5 Rd3 51. Ra7+ Kf8 52. Bf4
Nc4+ 53. Kf6 Ke8 54. Ke6 Rd4 55. Ra8+ Rd8 56. Ra7 Rd4 57. Ra8+ Rd8 58. Ra6 Rd4
59. Bc7 Re4+ 60. Kd5 Rg4 61. Rh6 Ne3+ 62. Kc6 Rc4+ 63. Kb7 h4 64. Bxa5 Nf5 65.
Rf6 Rc5 66. Kb6 Rd5 67. Bb4 h3 68. Kc6 Ne7+ 69. Bxe7 Kxe7 70. Rh6 Ra5 71. Rxh3
Rxa2 1/2-1/2

[Event "European Team Championship 2015"]
[Site "Reykjavik ISL"]
[Date "2015.11.19"]
[Round "6"]
[White "Wojtaszek, Radoslaw"]
[Black "Nyback, Tomi"]
[Result "1/2-1/2"]
[WhiteElo "2748"]
[BlackElo "2594"]
[PlyCount "135"]
[EventDate "2015.11.13"]
[WhiteTeam "Poland"]
[BlackTeam "Finland"]

1. d4 d5 2. c4 c6 3. Nf3 Nf6 4. e3 Bf5 5. Nc3 e6 6. Nh4 Be4 7. f3 Bg6 8. Qb3
Qc7 9. Bd2 Be7 10. Rc1 Ne4 11. fxe4 Bxh4+ 12. g3 dxc4 13. Bxc4 Be7 14. e5 Nd7
15. Ne2 Qb6 16. Qc3 c5 17. Qb3 O-O 18. Qxb6 Nxb6 19. Bb3 Rfd8 20. Kf2 cxd4 21.
exd4 Nd5 22. a3 Bf8 23. Bg5 Be7 24. Bxe7 Nxe7 25. Rc7 Be4 26. Rd1 Kf8 27. Rcc1
Rac8 28. Rxc8 Rxc8 29. Nc3 Bc6 30. Rd2 Rd8 31. g4 Ng6 32. Ke3 Nh4 33. Ne4 Ke7
34. Rf2 Rf8 35. Bc4 h5 36. h3 hxg4 37. hxg4 Ng6 38. Ng5 Ke8 39. b4 Ne7 40. Rh2
Nd5+ 41. Kd2 Nb6 42. Bd3 Ke7 43. Rh7 Rg8 44. Ke2 Nd5 45. Kd2 Nb6 46. Ke2 Nd7
47. Ne4 f6 48. exf6+ Nxf6 49. Nxf6 Kxf6 50. Rh5 Rd8 51. g5+ Kf7 52. Ke3 Rd5 53.
g6+ Kf6 54. Rh8 Rd7 55. Rf8+ Ke7 56. Rf4 Kd6 57. Be4 Bb5 58. Rf8 Rc7 59. Kf4 b6
60. Rg8 Ba4 61. Rd8+ Ke7 62. Rg8 Kd6 63. Rf8 Bb5 64. Rd8+ Ke7 65. Rg8 Kd6 66.
Rd8+ Ke7 67. Rg8 Kd6 68. Rd8+ 1/2-1/2

[Event "European Team Championship 2015"]
[Site "Reykjavik ISL"]
[Date "2015.11.19"]
[Round "6"]
[White "Lenic, Luka"]
[Black "Navara, David"]
[Result "0-1"]
[WhiteElo "2625"]
[BlackElo "2730"]
[PlyCount "98"]
[EventDate "2015.11.13"]
[WhiteTeam "Slovenia"]
[BlackTeam "Czech Republic"]

1. d4 Nf6 2. c4 e6 3. Nf3 b6 4. g3 Ba6 5. Qc2 Bb7 6. Bg2 c5 7. d5 exd5 8. cxd5
Nxd5 9. O-O Nc6 10. Rd1 Be7 11. a3 Nc7 12. Nc3 O-O 13. Bf4 Ne6 14. e3 Nxf4 15.
gxf4 d6 16. Rd2 Qd7 17. Nd5 Rae8 18. Rad1 Bd8 19. b4 Qg4 20. h3 Qh5 21. b5 Ne7
22. Nxe7+ Bxe7 23. Nh2 Bxg2 24. Kxg2 a6 25. bxa6 Ra8 26. Qc4 Qg6+ 27. Kh1 Qe6
28. Rd5 Qxh3 29. f5 Qh4 30. Qxh4 Bxh4 31. Rxd6 Rxa6 32. Kg2 Rc8 33. Nf3 Be7 34.
Rd7 Bf8 35. Rd8 Raa8 36. Rxc8 Rxc8 37. Rb1 c4 38. a4 g6 39. Nd4 Bc5 40. fxg6
fxg6 41. Nb5 h5 42. Kf3 g5 43. Rh1 h4 44. Rc1 Bb4 45. Kg4 c3 46. Nd4 Rc4 47.
Kxg5 h3 48. Kg4 Ba3 49. Rf1 c2 0-1

[Event "European Team Championship 2015"]
[Site "Reykjavik ISL"]
[Date "2015.11.13"]
[Round "1"]
[White "Naiditsch, Arkadij"]
[Black "Lenic, Luka"]
[Result "1-0"]
[WhiteElo "2689"]
[BlackElo "2625"]
[PlyCount "58"]
[EventDate "2015.11.13"]
[WhiteTeam "Azerbaijan"]
[BlackTeam "Slovenia"]

1. e4 e5 2. Nf3 Nc6 3. Bb5 a6 4. Ba4 Nf6 5. O-O Be7 6. d3 d6 7. c3 O-O 8. Re1
Re8 9. Nbd2 Bf8 10. h3 b5 11. Bc2 h6 12. a4 b4 13. a5 Rb8 14. Nc4 Bd7 15. Bd2
bxc3 16. bxc3 Qc8 17. Nh2 Be6 18. Ba4 Qb7 19. Ng4 Nxg4 20. hxg4 Red8 21. Bc2 d5
22. exd5 Bxd5 23. Ne3 Bb3 24. Rb1 Bxc2 25. Qxc2 Qa8 26. Rxb8 Qxb8 27. Nf5 Qc8
28. Qa4 Qd7 29. Re3 Bc5 1-0

[Event "European Team Championship 2015"]
[Site "Reykjavik ISL"]
[Date "2015.11.14"]
[Round "2"]
[White "Schandorff, Lars"]
[Black "Naiditsch, Arkadij"]
[Result "0-1"]
[WhiteElo "2519"]
[BlackElo "2689"]
[PlyCount "138"]
[EventDate "2015.11.13"]
[WhiteTeam "Denmark"]
[BlackTeam "Azerbaijan"]

1. d4 Nf6 2. c4 g6 3. Nc3 Bg7 4. e4 d6 5. Be2 O-O 6. Bg5 Na6 7. Nf3 h6 8. Be3
e5 9. O-O Ng4 10. Bc1 c6 11. dxe5 Nxe5 12. Be3 Be6 13. Nxe5 dxe5 14. Qxd8 Rfxd8
15. Rfd1 b6 16. Rxd8+ Rxd8 17. Rd1 Rxd1+ 18. Nxd1 Nb4 19. Nc3 Nc2 20. Bd2 f5
21. b3 Bf8 22. Bd3 Nb4 23. Bb1 Na6 24. exf5 gxf5 25. Ne2 Kf7 26. Bc3 Bd6 27. g3
Nc7 28. f3 b5 29. cxb5 cxb5 30. f4 e4 31. Bd4 b4 32. Bc2 a5 33. Kf2 Nd5 34. Ke1
Bd7 35. Kd2 Bb5 36. Bd1 Kg6 37. Nc1 h5 38. h4 Nc3 39. Bxc3 bxc3+ 40. Kxc3 Bb4+
41. Kd4 Be1 42. Ne2 Kf6 43. Nc3 Bf2+ 44. Kd5 Bd3 45. Ne2 Kg6 46. Ke5 Be1 47. a3
Ba6 48. Nd4 Bc3 49. Kd5 Bd3 50. Ne2 Bb2 51. b4 Bxa3 52. bxa5 Bb4 53. Nd4 Bxa5
54. Ba4 Be1 55. Be8+ Kf6 56. Bxh5 Bxg3 57. Ne2 Bxh4 58. Nc1 Ba6 59. Bd1 Bf2 60.
Ne2 Be3 61. Kd6 Bc4 62. Kd7 Bxe2 63. Bxe2 Bxf4 64. Kc6 Ke5 65. Kc5 Bd2 66. Kc4
f4 67. Kb3 f3 68. Bb5 e3 69. Kc2 Kf4 0-1

[Event "European Team Championship 2015"]
[Site "Reykjavik ISL"]
[Date "2015.11.19"]
[Round "6"]
[White "Naiditsch, Arkadij"]
[Black "Sokolov, Ivan"]
[Result "1-0"]
[WhiteElo "2689"]
[BlackElo "2642"]
[PlyCount "123"]
[EventDate "2015.11.13"]
[WhiteTeam "Azerbaijan"]
[BlackTeam "Netherlands"]

1. c4 e5 2. Nc3 Bb4 3. g3 Nf6 4. Bg2 Nc6 5. e4 Nd4 6. Nge2 c6 7. O-O O-O 8. d3
Nxe2+ 9. Nxe2 d5 10. exd5 cxd5 11. Qb3 Bg4 12. Qxb4 Bxe2 13. Re1 Bxd3 14. Rxe5
dxc4 15. Be3 b6 16. Bxa8 Qxa8 17. Re1 Qf3 18. Bd4 Be4 19. R5xe4 Nxe4 20. Qe7
Nf6 21. Qxa7 h5 22. Qa6 Ne4 23. Qb5 h4 24. Qd5 Re8 25. Qd7 Re6 26. Qd8+ Kh7 27.
Qxh4+ Kg8 28. Qd8+ Kh7 29. Be3 c3 30. bxc3 Nxc3 31. Qd3+ Ne4 32. Qb1 g6 33. Qd1
Qf5 34. Qb1 Qf3 35. a3 Re5 36. Qd1 Qf5 37. g4 Qe6 38. Bd4 Rd5 39. f3 Nc3 40.
Rxe6 Nxd1 41. Re4 f5 42. Re7+ Kh6 43. Bf6 fxg4 44. fxg4 g5 45. Re6 Kh7 46. Kf1
Rc5 47. Ke2 Nb2 48. Rxb6 Rc2+ 49. Ke3 Nc4+ 50. Kd3 Nxa3 51. Be5 Rg2 52. Bg3 Rg1
53. Rb3 Rf1 54. Ke2 Ra1 55. Be5 Ra2+ 56. Kd3 Rf2 57. Bc3 Nc2 58. h3 Rh2 59.
Rb7+ Kg6 60. Rb6+ Kh7 61. Ra6 Rg2 62. Ra4 1-0

[Event "European Team Championship 2015"]
[Site "Reykjavik ISL"]
[Date "2015.11.20"]
[Round "7"]
[White "Vachier-Lagrave, Maxime"]
[Black "Svidler, Peter"]
[Result "1/2-1/2"]
[WhiteElo "2765"]
[BlackElo "2745"]
[PlyCount "77"]
[EventDate "2015.11.13"]
[WhiteTeam "France"]
[BlackTeam "Russia"]

1. d4 Nf6 2. c4 g6 3. f3 Nc6 4. Nc3 d5 5. cxd5 Nxd5 6. e4 Nxc3 7. bxc3 Bg7 8.
Bb5 O-O 9. Ne2 Na5 10. Be3 Be6 11. Bf2 a6 12. Bd3 Bc4 13. O-O b5 14. Bxc4 Nxc4
15. Nc1 c5 16. Nb3 cxd4 17. cxd4 Qd6 18. Qe2 Qa3 19. Rab1 Rac8 20. Rfd1 Na5 21.
Nc5 Nc6 22. e5 e6 23. f4 Rc7 24. d5 exd5 25. Rxd5 Rd8 26. Rxd8+ Nxd8 27. Qd2
Nb7 28. Nxb7 Rxb7 29. Rc1 h5 30. Rc8+ Kh7 31. h3 Qe7 32. Qd6 Qd7 33. Qxd7 Rxd7
34. Bh4 Rd4 35. Bg5 Bh6 36. Bf6 Bg7 37. Bg5 Bh6 38. Bf6 Bg7 39. Bg5 1/2-1/2

[Event "European Team Championship 2015"]
[Site "Reykjavik ISL"]
[Date "2015.11.20"]
[Round "7"]
[White "Grischuk, Alexander"]
[Black "Fressinet, Laurent"]
[Result "1-0"]
[WhiteElo "2750"]
[BlackElo "2712"]
[PlyCount "85"]
[EventDate "2015.11.13"]
[WhiteTeam "Russia"]
[BlackTeam "France"]

1. e4 e5 2. Nf3 Nc6 3. Bb5 Nf6 4. O-O Nxe4 5. d4 Nd6 6. Bxc6 dxc6 7. dxe5 Nf5
8. Qxd8+ Kxd8 9. h3 h6 10. Rd1+ Ke8 11. Nc3 Ne7 12. b3 Bf5 13. Nd4 Bh7 14. Nce2
Rd8 15. Bb2 a6 16. c4 c5 17. Nf3 Nc6 18. Nf4 Bc2 19. Rxd8+ Nxd8 20. e6 f6 21.
Rc1 Bf5 22. Re1 Bd6 23. Nh4 Bc2 24. Nh5 Rh7 25. f4 Nc6 26. g4 Nd4 27. f5 a5 28.
Kf2 a4 29. bxa4 Bxa4 30. Re3 b6 31. Ng6 Kd8 32. Rd3 Kc8 33. Ke3 Bc2 34. Ra3
Nxe6 35. fxe6 Bxg6 36. Ra8+ Kb7 37. Rg8 f5 38. Bxg7 Bxh5 39. gxh5 Kc6 40. a4
Kb7 41. Bf6 Kc6 42. Rg7 Rh8 43. Rxc7+ 1-0

[Event "European Team Championship 2015"]
[Site "Reykjavik ISL"]
[Date "2015.11.20"]
[Round "7"]
[White "Bacrot, Etienne"]
[Black "Tomashevsky, Evgeny"]
[Result "1/2-1/2"]
[WhiteElo "2686"]
[BlackElo "2743"]
[PlyCount "142"]
[EventDate "2015.11.13"]
[WhiteTeam "France"]
[BlackTeam "Russia"]

1. d4 d5 2. c4 c6 3. Nc3 Nf6 4. Nf3 a6 5. e3 Bf5 6. Ne5 Nbd7 7. Qb3 Qc7 8. cxd5
Nxe5 9. dxe5 Nxd5 10. Nxd5 cxd5 11. Bd2 Qxe5 12. Be2 Qd6 13. Qxb7 Rb8 14. Qa7
Rxb2 15. Bd1 f6 16. Bb3 Bc2 17. Qd4 Bxb3 18. Qxb2 Bc4 19. Rb1 Kf7 20. f3 g6 21.
a4 Bg7 22. Qb4 Qe5 23. Kf2 Bd3 24. Bc3 Qf5 25. Rbd1 h5 26. Qd4 Bc2 27. Qxd5+
Qxd5 28. Rxd5 Bxa4 29. Rc1 Rb8 30. Rc5 Rb6 31. Rc7 Re6 32. h4 Bb5 33. Bd4 Bf8
34. Ra7 Rd6 35. Rcc7 Re6 36. e4 Bd3 37. Rc8 Bg7 38. Rc3 Bb5 39. Rcc7 Bh6 40. g3
Bf8 41. Ra8 Bg7 42. Rb8 Bf8 43. Rb6 Rxb6 44. Bxb6 Ke6 45. f4 Bd3 46. Ke3 Bf1
47. Bc5 Kf7 48. Rc8 Bh3 49. Ra8 Bf1 50. Kd4 Be2 51. Rb8 Bf1 52. Kd5 Bg2 53. Rb2
e6+ 54. Kc4 Bxe4 55. Bxf8 Kxf8 56. Kd4 Bf5 57. Rb7 Bg4 58. Ra7 Bf5 59. Rxa6 Ke7
60. Rb6 Kf7 61. Rb7+ Kf8 62. Ra7 Bg4 63. Kc5 Bh3 64. Kd6 Bg4 65. Rc7 Bh3 66.
Re7 Bg4 67. Rxe6 Kf7 68. Re7+ Kf8 69. Rc7 Bh3 70. Rc1 Kf7 71. Re1 Bg4 1/2-1/2

[Event "European Team Championship 2015"]
[Site "Reykjavik ISL"]
[Date "2015.11.20"]
[Round "7"]
[White "Jakovenko, Dmitry"]
[Black "Tkachiev, Vladislav"]
[Result "1/2-1/2"]
[WhiteElo "2735"]
[BlackElo "2658"]
[PlyCount "109"]
[EventDate "2015.11.13"]
[WhiteTeam "Russia"]
[BlackTeam "France"]

1. d4 Nf6 2. c4 e6 3. Nf3 b6 4. g3 Bb7 5. Bg2 Be7 6. O-O O-O 7. Re1 Ne4 8. Nfd2
d5 9. cxd5 exd5 10. Nxe4 dxe4 11. Nc3 f5 12. Bf4 Bd6 13. Qb3+ Kh8 14. Bxd6 Qxd6
15. Rec1 a6 16. Qa3 Nd7 17. Qxd6 cxd6 18. f3 exf3 19. Bxf3 Bxf3 20. exf3 Nf6
21. Kf2 Rac8 22. Re1 b5 23. a3 Kg8 24. Re7 Rf7 25. Rxf7 Kxf7 26. Ke3 Ke6 27.
Kd3 Rb8 28. b4 Rb6 29. a4 bxa4 30. d5+ Kd7 31. Kc4 Ne8 32. Rxa4 Nc7 33. Ne2 Rb5
34. Nf4 Rb6 35. h4 g6 36. Ra1 Kd8 37. Re1 Kd7 38. h5 g5 39. Ne6 Rb8 40. Nxg5 h6
41. Nf7 Rg8 42. Nxh6 Rxg3 43. Rf1 Rh3 44. Nxf5 Rxh5 45. Ne3 Rh3 46. Kd4 Nb5+
47. Kd3 Nc7 48. Kd4 Nb5+ 49. Kd3 Nc7 50. Ke4 Rh2 51. Nc4 Re2+ 52. Kd3 Ra2 53.
Nb6+ Ke7 54. Re1+ Kf6 55. Nc4 1/2-1/2

[Event "European Team Championship 2015"]
[Site "Reykjavik ISL"]
[Date "2015.11.20"]
[Round "7"]
[White "Shirov, Alexei"]
[Black "Mamedyarov, Shakhriyar"]
[Result "0-1"]
[WhiteElo "2689"]
[BlackElo "2743"]
[PlyCount "196"]
[EventDate "2015.11.13"]
[WhiteTeam "Latvia"]
[BlackTeam "Azerbaijan"]

1. e4 e5 2. Nf3 Nc6 3. Bb5 a6 4. Ba4 Nf6 5. O-O Nxe4 6. d4 b5 7. Bb3 d5 8. dxe5
Be6 9. Nbd2 Nc5 10. c3 Be7 11. Bc2 d4 12. Nb3 d3 13. Bb1 Nxb3 14. axb3 Bf5 15.
Re1 O-O 16. b4 Qd7 17. h3 Rfd8 18. g4 Bg6 19. Ba2 Qc8 20. e6 f6 21. Nh4 a5 22.
bxa5 Rxa5 23. b4 Ra6 24. Bf4 Qa8 25. Qd2 Qa7 26. Re3 Ra8 27. Nxg6 hxg6 28. Qxd3
Rxa2 29. Rxa2 Qxa2 30. Qxg6 Qd5 31. Re1 Kh8 32. Bxc7 Rf8 33. Bf4 Ne5 34. Bxe5
fxe5 35. Qh5+ Kg8 36. Qxe5 Qc6 37. Re3 Bh4 38. f3 Bf6 39. Qh5 Qd6 40. e7 Bxe7
41. Qe5 Ra8 42. Qxd6 Bxd6 43. Rd3 Be5 44. Rd5 Bxc3 45. Rxb5 Ra2 46. h4 Rb2 47.
Rf5 Bxb4 48. h5 Rc2 49. Kf1 Be7 50. Ke1 Rh2 51. Kd1 Kh7 52. Ke1 Kh6 53. Kf1 Bh4
54. Rf4 Bg3 55. Rf5 Rf2+ 56. Kg1 Re2 57. Kf1 Rh2 58. Kg1 Rf2 59. Rf7 Re2 60.
Rf5 Rc2 61. Kf1 Bf2 62. Rd5 Be3 63. Rf5 Ba7 64. Rf7 Be3 65. Rf5 Rc5 66. Rf7 Bd4
67. Ke2 Kg5 68. Kd3 Bb2 69. Ke3 Kh4 70. Kf4 Rb5 71. Rd7 Bf6 72. Rf7 Bg5+ 73.
Ke4 Bh6 74. Rf5 Rb3 75. Kd5 Rb6 76. Ke4 Ra6 77. Rf7 Ra5 78. Rf5 Ra7 79. Rd5 Ra3
80. Rd3 Ra1 81. Rd5 Ra8 82. Rf5 Ra3 83. Kd5 Re3 84. Kd4 Re7 85. Kd5 Bc1 86. Kd6
Ba3+ 87. Kd5 Kg3 88. g5 Kh4 89. g6 Ra7 90. Ke6 Bc1 91. f4 Kg4 92. Rf7 Ra6+ 93.
Kd5 Bb2 94. h6 gxh6 95. f5 Kg5 96. Ke4 Ra8 97. Kf3 Bf6 98. Rh7 Rg8 0-1

[Event "European Team Championship 2015"]
[Site "Reykjavik ISL"]
[Date "2015.11.20"]
[Round "7"]
[White "Neiksans, Arturs"]
[Black "Naiditsch, Arkadij"]
[Result "1/2-1/2"]
[WhiteElo "2602"]
[BlackElo "2689"]
[PlyCount "119"]
[EventDate "2015.11.13"]
[WhiteTeam "Latvia"]
[BlackTeam "Azerbaijan"]

1. c4 Nf6 2. Nf3 g6 3. g3 Bg7 4. Bg2 O-O 5. O-O d6 6. d4 Nc6 7. Nc3 e5 8. d5
Nb8 9. e4 a5 10. Ne1 Na6 11. Nd3 Nd7 12. Be3 Ndc5 13. f4 exf4 14. gxf4 Qe7 15.
Nxc5 Nxc5 16. Bd4 Bd7 17. Bxg7 Kxg7 18. Qd4+ f6 19. Rae1 Rae8 20. Re3 Kg8 21.
Rfe1 Qg7 22. b3 Re7 23. Nd1 Qh6 24. e5 fxe5 25. fxe5 Qg7 26. Qc3 Rxe5 27. Rxe5
dxe5 28. Qxe5 Qxe5 29. Rxe5 b6 30. Nc3 Kg7 31. Re3 g5 32. Ne2 Re8 33. Kf2 Kf6
34. Rxe8 Bxe8 35. Ke3 Ke5 36. Nd4 g4 37. h3 h5 38. hxg4 hxg4 39. Bf1 Bg6 40.
Nc6+ Kd6 41. Nd4 Ke5 42. Nc6+ Kf6 43. Kf4 Be8 44. Nd4 Bd7 45. a3 a4 46. bxa4
Nxa4 47. Be2 g3 48. Kxg3 Ke5 49. Nf3+ Kd6 50. Kf4 Kc5 51. Ke5 Bg4 52. Nd4 Bxe2
53. Nxe2 Nb2 54. Ke6 Nxc4 55. Kd7 Nxa3 56. Kxc7 Nb5+ 57. Kb7 Nd6+ 58. Ka6 b5
59. Nc3 b4 60. Na2 1/2-1/2

[Event "European Team Championship 2015"]
[Site "Reykjavik ISL"]
[Date "2015.11.20"]
[Round "7"]
[White "Jobava, Baadur"]
[Black "Ivanchuk, Vassily"]
[Result "1/2-1/2"]
[WhiteElo "2668"]
[BlackElo "2720"]
[PlyCount "80"]
[EventDate "2015.11.13"]
[WhiteTeam "Georgia"]
[BlackTeam "Ukraine"]

1. d4 Nf6 2. c4 g6 3. Nf3 Bg7 4. g3 d5 5. cxd5 Nxd5 6. Bg2 Nb6 7. O-O Nc6 8. e3
O-O 9. Nc3 Re8 10. d5 Na5 11. Nd4 Bd7 12. b4 Nac4 13. Qc2 Qc8 14. Rd1 Bh3 15.
Bh1 Bg4 16. Nce2 e5 17. dxe6 Bxe6 18. a4 a5 19. Rb1 Bd7 20. b5 c5 21. bxc6 bxc6
22. Rd3 c5 23. Nb5 Bf5 24. e4 Bxe4 25. Bxe4 Rxe4 26. Bf4 Qc6 27. Nec3 Re7 28.
Rdd1 Rae8 29. h4 h5 30. Kh2 Be5 31. Qe4 Qf6 32. Qf3 Qf5 33. Kg2 Bxf4 34. Qxf4
Qxf4 35. gxf4 Kg7 36. Nd6 Nxd6 37. Rxd6 Nc4 38. Rd5 Rc7 39. Rb5 Rec8 40. Ne4
Re8 1/2-1/2